Geografia per Lettere - XYZ - Statistics

Statistiche generali
  • Questo quiz è stato fatto 65 volte
  • Il punteggio medio è 7 su 20
Statistiche sulle risposte
Categoria Risposta % Corretto
Stato Africano Zambia - Zimbabwe
95%
Capitale Europea Zagabria
86%
Valuta in Uso Yen - Złoty
70%
Stato Asiatico Yemen
64%
Città Europea (500k+) Yaroslavl - Zagabria - Zaporižžja
63%
Parco Nazionale USA Yellowstone - Yosemite - Zion
63%
Contea Tradizionale Inglese Yorkshire
36%
Stato Messicano Yucatán - Zacatecas
32%
Capitale Africana Yamoussoukro - Yaoundé
30%
Fiume (2500k+) Yangtze - Yukon - Zambesi
27%
Lingua (Almeno 5,5 Milioni di Parlanti Madrelingua) Xhosa - Xiang - Yoruba - Yue - Zhuang - Zulu
23%
Cantone Svizzero Zugo - Zurigo
23%
Territorio Canadese Yukon
18%
Città Cinese Xi'an - Xining - Xuzhou - Yantai - Yichang - Zaozhuang - Zhanjiang - Zhengzhou - Zhongshan - Zibo
16%
Capitale Oceaniana Yaren
16%
Capitale di una Provincia Canadese Yellowknife
7%
Provincia Cinese Yunnan - Zhejiang - Xinjiang
7%
Capitale di uno Stato Messicano Xalapa-Enríques - Zacatecas
4%
Isola Isola Yos Sudarso - Yamdena - Zelanda
2%
Città USA (200k+) Yonkers
0%
Nessun quiz corrispondente trovato
Distribuzione punteggi
Percentuale di utenti per punteggio
Percentile per numero di risposta
I tuoi punteggi nel tempo
Non hai fatto questo quiz